R (on the application of Kathrol and others) v Thondda Cynon Taff CBC (Record no. 70376)
[ view plain ]
| 000 -LEADER | |
|---|---|
| fixed length control field | 01112cam a2200193 4500 |
| 001 - CONTROL NUMBER | |
| control field | x118183 |
| 008 - FIXED-LENGTH DATA ELEMENTS--GENERAL INFORMATION | |
| fixed length control field | 020528n2002 000 0 eng u |
| 035 ## - SYSTEM CONTROL NUMBER | |
| System control number | (Sirsi) u118183 |
| 245 ## - TITLE STATEMENT | |
| Title | R (on the application of Kathrol and others) v Thondda Cynon Taff CBC |
| 260 ## - PUBLICATION, DISTRIBUTION, ETC. | |
| Date of publication, distribution, etc. | 2002 |
| 490 ## - SERIES STATEMENT | |
| Series statement | Journal of Planning and Environment Law |
| Volume/sequential designation | [2002] JPL 304-326(22) |
| 520 ## - SUMMARY, ETC. | |
| Summary, etc. | QBD 6 July 2001. Application by planning authority for development of its own land. Private finance initiative. Whether determination of planning application in respect of development of its own land would be in breach of the European Convention on Human Rights Article 6. Whether planning authority wrongly vetted its discretion and pre-determined the outcome of the planning application. Application for judicial review. Applicatin dismissed. |
| 650 ## - SUBJECT ADDED ENTRY--TOPICAL TERM | |
| Topical term or geographic name entry element | R V RHONDDA CYNON TAFF BC EX P KATHRO AND OTHERS |
| 650 ## - SUBJECT ADDED ENTRY--TOPICAL TERM | |
| Topical term or geographic name entry element | CONVENTION FOR THE PROTECTION OF HUMAN RIGHTS AND FUNDAMENTAL FREEDOMS ART 6 |
| 650 ## - SUBJECT ADDED ENTRY--TOPICAL TERM | |
| Topical term or geographic name entry element | JUDICIAL REVIEW |
| 650 ## - SUBJECT ADDED ENTRY--TOPICAL TERM | |
| Topical term or geographic name entry element | PLANNING APPLICATIONS |
| 690 ## - LOCAL SUBJECT ADDED ENTRY--TOPICAL TERM (OCLC, RLIN) | |
| Topical term or geographic name as entry element | PLANNING LAW AND PRACTICE-CASE LAW |
| 942 ## - ADDED ENTRY ELEMENTS (KOHA) | |
| Suppress in OPAC | 0 |
| Withdrawn status | Lost status | Source of classification or shelving scheme | Damaged status | Not for loan | Home library | Current library | Shelving location | Date acquired | Total Checkouts | Full call number | Barcode | Date last seen | Copy number | Price effective from | Koha item type |
|---|---|---|---|---|---|---|---|---|---|---|---|---|---|---|---|
| Dewey Decimal Classification | London | London | Journals | 28/05/2002 | X118183 | 118183-1001 | 06/08/2019 | 1 | 06/08/2019 | Law report |